000 00488nam a2200181Ia 4500
005 20250508150738.0
008 008 250505s9999 xx 000 0 eng d
037 _aTextual
040 _aFEDL
_beng
_cFEDL
041 _aeng
_2eng
084 _a821.3, MET
_qFEDL
100 _aMethuen A
245 0 _aAnthology of modern verse
260 _aLondon, UK
_bMethuen and Company Limited
_c1921
300 _a254p.
942 _cTEXL
_h821.3, MET
999 _c1325409
_d1325409